Rulers of Westeros (Full Version) - Statistics

General Stats
  • This quiz has been taken 258 times
    228 since last reset
  • The average score is 62 of 203
Answer Stats
Group Hint Ruler % Correct
Lord/Lady Regnant of the Seven Kingdoms AC {Aegon} III Targaryen (the Dragonbane)
99%
Lord/Lady Regnant of the Seven Kingdoms AC {Aegon} II Targaryen (the Usurper)
99%
Lord/Lady Regnant of the Seven Kingdoms AC {Aegon} I Targaryen (the Conqueror)
99%
Lord/Lady Regnant of the Seven Kingdoms AC {Aegon} IV Targaryen (the Unworthy)
99%
Lord of Dragonstone BC {Aegon} Targaryen
99%
Lord/Lady Regnant of the Seven Kingdoms AC {Aegon} V Targaryen (the Unlikely)
99%
King/Queen in the North AC {Robb} Stark (The Young Wolf)
97%
Lord/Lady Regnant of the Seven Kingdoms AC {Robert} I Baratheon (the Usurper)
97%
Lord/Lady Regnant of the Seven Kingdoms AC {Aerys} I Targaryen
94%
King/Queen in the North BC {Brandon} III Stark (the Shipwright)
94%
King/Queen in the North BC {Brandon} II Stark (the Breaker)
94%
King/Queen in the North BC {Brandon} IV Stark (the Burner)
94%
King/Queen in the North BC {Brandon} IX Stark
94%
King/Queen in the North BC {Brandon} VI Stark (the Bad)
94%
King/Queen in the North BC {Brandon} V Stark (Ice Eyes)
94%
Lord of the Six Kingdoms AC {Bran} I Stark (the Broken)
94%
Lord/Lady Regnant of the Seven Kingdoms AC {Aerys} II Targaryen (the Mad King)
93%
Lord of Dragonstone BC {Aerys} Targaryen
93%
Lord/Lady Regnant of the Seven Kingdoms AC {Joffrey} I Baratheon (the Illborn)
92%
King of the Rock BC {Joffrey} Lannister
92%
Lord/Lady Regnant of the Seven Kingdoms AC {Tommen} I Baratheon
92%
King of the Rock BC {Tommen} II Lannister (the Lion King)
92%
King of the Rock BC {Tommen} I Lannister
92%
Lord/Lady Regnant of the Seven Kingdoms AC {Cersei} I Lannister
90%
Lord/Lady Regnant of the Seven Kingdoms AC {Daenerys} I Targaryen (Stormborn)
89%
Lord/Lady Regnant of the Seven Kingdoms AC {Viserys} I Targaryen (the Young King)
89%
Lord/Lady Regnant of the Seven Kingdoms AC {Maegor} I Targaryen (the Cruel)
88%
King/Queen of the Reach BC {John} II Gardener (the Tall)
87%
King/Queen in the North BC {Jon} I Stark
87%
King/Queen in the North AC {Jon} Snow
87%
Lord/Lady Regnant of the Seven Kingdoms AC {Viserys} II Targaryen
87%
Lord/Lady Regnant of the Seven Kingdoms AC {Baelor} I Targaryen (the Blessed)
86%
Lord/Lady Regnant of the Seven Kingdoms AC {Daeron} II Targaryen
80%
Lord/Lady Regnant of the Seven Kingdoms AC {Daeron} I Targaryen (the Young Dragon)
80%
Lord/Lady Regnant of the Seven Kingdoms AC {Maekar} I Targaryen
80%
Lord/Lady Regnant of the Seven Kingdoms AC {Aenys} I Targaryen
79%
Lord/Lady Regnant of the Seven Kingdoms AC {Jaehaerys} II Targaryen
78%
Lord/Lady Regnant of the Seven Kingdoms AC {Jaehaerys} I Targaryen (the Conciliator)
78%
High/Iron King of the Iron Islands AC {Euron} III Greyjoy (Crow's Eye)
66%
King/Queen in the North AC {Sansa} Stark
66%
Lord of Dragonstone AC {Stannis} Baratheon (The King in the Narrow Sea)
66%
High/Iron King of the Iron Islands AC {Balon} IX Greyjoy (the Brave)
61%
High/Iron King of the Iron Islands BC {Balon} V Greyjoy (Coldwind)
61%
High/Iron King of the Iron Islands BC {Theon} III Greyjoy
55%
King/Queen in the North BC {Theon} I Stark (The Hungry Wolf)
55%
King/Queen in the North BC {Torrhen} I Stark (The King Who Knelt)
55%
King/Queen of the Reach BC {Garth} III Gardener (the Great)
54%
King/Queen of the Reach BC {Garth} IX Gardener
54%
King/Queen of the Reach BC {Garth} V Gardener (Hammer of the Dornish)
54%
King/Queen of the Reach BC {Garth} VI Gardener (the Morningstar)
54%
King/Queen of the Reach BC {Garth} VII Gardener ((the) Goldenhand)
54%
King/Queen of the Reach BC {Garth} X Gardener (Greybeard)
54%
King/Queen of the Reach BC {Garth} XI Gardener (the Painter)
54%
King/Queen of the Reach BC {Garth} XII Gardener
54%
King/Queen in the North BC {Dorren} I Stark
52%
King/Queen in the North BC {Rickard} I Stark
52%
King of the Rock BC {Tyrion} III Lannister
48%
King of the Rock BC {Tyrion} II Lannister (the Tormentor)
48%
High/Iron King of the Iron Islands BC {Harren} Hoare ((the) Black)
43%
Prince/Princess (and other rulers) of Dorne BC {Nymeria} (of the Rhoyne)
43%
Lord of Dragonstone BC {Baelon} Targaryen
39%
King/Queen in the North BC {Benjen} II Stark (the Sweet)
38%
King/Queen in the North BC {Benjen} I Stark (the Bitter)
38%
Prince/Princess (and other rulers) of Dorne AC {Ellaria} Sand
37%
Storm King/Queen BC {Argilac} Durrandon (the Arrogant)
29%
Lord of Dragonstone BC {Gaemon} Targaryen (the Glorious)
29%
King of Mountain and Vale BC {Robin} Arryn
28%
Lord of Dragonstone BC {Aenar} Targaryen (the Exile)
27%
Lord of Dragonstone BC {Aerion} Targaryen
27%
Storm King/Queen BC {Durran} Durrandon (Bronze-Axe)
27%
Storm King/Queen BC {Durran} Durrandon (the Dour)
27%
Storm King/Queen BC {Durran} Durrandon (the Fair)
27%
Storm King/Queen BC {Durran} Durrandon (the Ravenfriend)
27%
Storm King/Queen BC {Durran} Durrandon (the Third)
27%
Storm King/Queen BC {Durran} Durrandon (the Young)
27%
Storm King/Queen BC {Durran} II Durrandon (the Devout)
27%
Storm King/Queen BC {Durran} X Durrandon
27%
Storm King/Queen BC {Durran} XI Durrandon (the Dim)
27%
Storm King/Queen BC {Durran} XXI Durrandon
27%
Storm King/Queen BC {Durran} XXIV Durrandon (Half-Blood)
27%
Storm King/Queen AC {Lyonel} Baratheon (the Laughing Storm)
27%
King/Queen of the Reach BC {Mern} II Gardener (the Mason)
23%
King/Queen of the Reach BC {Mern} III Gardener (the Madling)
23%
King/Queen of the Reach BC {Mern} IX Gardener
23%
King/Queen of the Reach BC {Mern} VI Gardener
23%
King of the Rock BC {Lancel} I Lannister (the Lion)
22%
King of the Rock BC {Lancel} IV Lannister
22%
King of the Rock BC {Lancel} V Lannister
22%
Lord of Dragonstone BC {Aelyx} Targaryen
18%
King of Mountain and Vale BC {Artys} I Arryn (Falcon Knight)
17%
Lord of Dragonstone BC {Daemion} Targaryen
16%
Lord of Dragonstone BC {Maegon} Targaryen
16%
Prince/Princess (and other rulers) of Dorne BC {Mors} II Martell
16%
Prince/Princess (and other rulers) of Dorne BC {Mors} Martell
16%
King/Queen in the North BC {Rodrick} I Stark
15%
Storm King/Queen BC {Argella} Durrandon
14%
Prince/Princess (and other rulers) of Dorne BC/AC {Meria} Martell (Yellow Toad of Dorne)
14%
King/Queen in the North BC {Edrick} I Stark (Snowbeard)
13%
King of the Rock BC {Loren} I Lannister (the Last)
13%
King of Mountain and Vale BC {Ronnel} Arryn (The King Who Flew)
13%
King of the Rock BC {Tybolt} Lannister (the Thunderbolt)
12%
High/Iron King of the Iron Islands BC {Harwyn} Hoare ((The) Hardhand)
11%
King/Queen in the North BC {Jorah} I Stark
11%
King/Queen of the Reach BC {Garland} II Gardener (the Bridegroom)
10%
King/Queen of the Reach BC {Garland} VI Gardener
10%
High/Iron King of the Iron Islands BC {Harras} Hoare (Stump-hand)
10%
King of the Rock BC {Loreon} III Lannister (the Limp)
10%
King of the Rock BC {Loreon} II Lannister
10%
King of the Rock BC {Loreon} I Lannister (the Lion)
10%
King of the Rock BC {Loreon} IV Lannister (the Lackwit)
10%
King of the Rock BC {Loreon} V Lannister (Queen Lorea)
10%
Prince/Princess (and other rulers) of Dorne AC {Maron} Martell
10%
High/Iron King of the Iron Islands BC {Erich} I Greyiron (the Ugly)
9%
Storm King/Queen BC {Erich} III Durrandon (the Sailmaker)
9%
High/Iron King of the Iron Islands BC {Erich} V Harlaw
9%
Storm King/Queen BC {Erich} VII Durrandon (the Unready)
9%
King of the Rock BC {Gerold} III Lannister
9%
King of the Rock BC {Gerold} II Lannister
9%
King of the Rock BC {Gerold} Lannister (the Great)
9%
King/Queen in the North BC {Edwyn} I Stark (The Spring King)
8%
Prince/Princess (and other rulers) of Dorne AC {Deria} Martell
7%
King/Queen of the Reach BC {Gareth} II Gardener (the Grim)
7%
King/Queen of the Reach BC {Gwayne} Gardener
7%
King/Queen of the Reach BC {Gwayne} I Gardener (the Gallant)
7%
King/Queen of the Reach BC {Gwayne} III Gardener (the Fat)
7%
King/Queen of the Reach BC {Gwayne} IV Gardener (the Gods-fearing)
7%
King/Queen of the Reach BC {Gwayne} V Gardener
7%
King/Queen in the North BC {Jonos} I Stark
7%
Storm King/Queen BC {Ormund} III Durrandon
7%
High/Iron King of the Iron Islands BC {Urron} Greyiron ((The)Redhand)
7%
King/Queen in the North BC {Walton} I Stark (The Moonking)
7%
Storm King/Queen BC {Arlan} I Durrandon (the Avenger)
6%
Storm King/Queen BC {Arlan} III Durrandon
6%
Storm King/Queen BC {Arlan} V Durrandon
6%
Storm King/Queen BC {Arrec} Durrandon
6%
King/Queen in the North BC {Edderion} I Stark (The Bridegroom)
6%
King/Queen in the North BC {Eyron} I Stark
6%
King/Queen of the Reach BC {Garse} VII Gardener
6%
High/Iron King of the Iron Islands BC {Hagon} Hoare (the Terrible)
6%
King/Queen in the North BC {Harlon} I Stark
6%
High/Iron King of the Iron Islands BC {Harmund} I Hoare (the Host)
6%
High/Iron King of the Iron Islands BC {Harmund} II Hoare (the Haggler)
6%
High/Iron King of the Iron Islands BC {Harmund} III Hoare (the Handsome)
6%
King of Mountain and Vale BC {Hugh} Arryn (the Fat)
6%
King/Queen of the Reach BC {Meryn} III Gardener
6%
Prince/Princess (and other rulers) of Dorne AC {Qoren} Martell
6%
King of Mountain and Vale BC {Roland} I Arryn
6%
King of Mountain and Vale BC {Roland} II Arryn
6%
High/Iron King of the Iron Islands BC {Urras} Greyiron (Ironfoot)
6%
King/Queen of the Reach BC {Gyles} I Gardener (the Woe)
5%
King/Queen of the Reach BC {Gyles} II Gardener
5%
King/Queen of the Reach BC {Gyles} III Gardener
5%
High/Iron King of the Iron Islands BC {Halleck} Hoare
5%
King of Mountain and Vale BC {Hugo} Arryn (the Hopeful)
5%
King of the Rock BC {Norwin} Lannister (the Niggardly)
5%
Prince/Princess (and other rulers) of Dorne AC {Nymor} Martell
5%
King of Mountain and Vale BC {Oswell} I Arryn
5%
King of Mountain and Vale BC {Oswin} Arryn (the Talon)
5%
Storm King/Queen BC {Qarlton} II Durrandon (the Conqueror)
5%
Storm King/Queen BC {Qarlton} III Durrandon
5%
High/Iron King of the Iron Islands BC {Qhored} I Hoare (the Cruel)
5%
High/Iron King of the Iron Islands BC {Qhorwyn} Hoare (the Cunning)
5%
Storm King/Queen BC {Ronard} Storm (the Bastard)
5%
High/Iron King of the Iron Islands BC {Urragon} III Greyiron (the Bald)
5%
High/Iron King of the Iron Islands BC {Urragon} IV Greyiron
5%
High/Iron King of the Iron Islands BC {Urrathon} IV Goodbrother (Badbrother)
5%
Prince/Princess (and other rulers) of Dorne AC {Aliandra} Martell
4%
King of the Rock BC {Cerion} Lannister
4%
High/Iron King of the Iron Islands BC {Harron} Harlaw
4%
King of Mountain and Vale BC {Mathos} II Arryn
4%
King of Mountain and Vale BC {Osgood} Arryn (the Old Falcon)
4%
King of Mountain and Vale BC {Osric} I Arryn
4%
High/Iron King of the Iron Islands BC {Torgon} Greyiron (the Latecomer)
4%
King of Mountain and Vale BC {Alester} II Arryn
3%
High/Iron King of the Iron Islands BC {Aubrey} Crakewell
3%
Storm King/Queen BC {Baldric} I Durrandon (the Cunning)
3%
Storm King/Queen BC {Barron} Durrandon (the Beautiful)
3%
Storm King/Queen BC {Cleoden} I Durrandon
3%
High/Iron King of the Iron Islands BC {Craghorn} Hoare (of the Red Smile)
3%
Storm King/Queen BC {Durwald} I Durrandon (the Fat)
3%
High/Iron King of the Iron Islands BC {Fergon} Hoare (the Fierce)
3%
King/Queen of the Reach BC {Gordan} I Gardener (Grey-Eyes)
3%
King/Queen of the Reach BC {Greydon} Gardener
3%
High/Iron King of the Iron Islands BC {Harrag} Hoare
3%
High/Iron King of the Iron Islands BC {Horgan} Hoare (Priestkiller)
3%
King/Queen in the North BC {Jonnel} I Stark
3%
High/Iron King of the Iron Islands BC {Joron} I Blacktyde (Maidensbane)
3%
High/Iron King of the Iron Islands BC {Loron} Greyjoy (The Old Kraken)
3%
Storm King/Queen BC {Maldon} IV Durrandon
3%
King/Queen of the Reach BC {Merle} I Gardener (the Meek)
3%
Storm King/Queen BC {Monfryd} I Durrandon (the Mighty)
3%
Storm King/Queen BC {Monfryd} V Durrandon
3%
Storm King/Queen BC {Morden} II Durrandon
3%
Prince/Princess (and other rulers) of Dorne AC {Morion} Martell (the Mad)
3%
High/Iron King of the Iron Islands BC {Othgar} I Hoare (the Soulless)
3%
High/Iron King of the Iron Islands BC {Othgar} II Hoare (Demonlover)
3%
King/Queen of the Reach BC {Perceon} III Gardener
3%
High/Iron King of the Iron Islands BC {Regnar} Drumm (Raven-feeder)
3%
High/Iron King of the Iron Islands BC {Rognar} II Greyiron
3%
High/Iron King of the Iron Islands BC {Wulfgar} Hoare ((the) Widowmaker)
3%
Prince/Princess (and other rulers) of Dorne AC {Mara} Martell
2%
High/Iron King of the Iron Islands BC {Sylas} Flatnose
2%
King of the Rock BC {Tywell} II Lannister
2%
No matching quizzes found
Score Distribution
Percent of People with Each Score
Percentile by Number Answered
Your Score History
You have not taken this quiz since the last reset